Aký tovar sa najviac predáva cez internet?
Výsledky prieskumu, cieľom ktorého bolo zistiť, ako Slováci používajú internet vo všeobecnosti - koľko času tu trávia, na aké činnosti ho najviac využívajú, ktoré sociálne siete používajú, aké zariadenia a miesta pripojenia preferujú. Tiež sa zisťovalo, aké majú nákupné zvyklosti a preferencie v onl...
Gespeichert in:
| 1. Verfasser: | |
|---|---|
| Format: | Buchkapitel |
| Sprache: | Slowakisch |
| Schlagworte: | |
| Tags: |
Keine Tags, Fügen Sie das erste Tag hinzu!
|
MARC
| LEADER | 00000naa a2200000 4500 | ||
|---|---|---|---|
| 001 | 0208878 | ||
| 005 | 20231208070657.3 | ||
| 041 | 0 | |a slo | |
| 044 | |a SK | ||
| 245 | 1 | 0 | |a Aký tovar sa najviac predáva cez internet? |c Patrícia Dunárová |
| 520 | |a Výsledky prieskumu, cieľom ktorého bolo zistiť, ako Slováci používajú internet vo všeobecnosti - koľko času tu trávia, na aké činnosti ho najviac využívajú, ktoré sociálne siete používajú, aké zariadenia a miesta pripojenia preferujú. Tiež sa zisťovalo, aké majú nákupné zvyklosti a preferencie v online nakupovaní. | ||
| 610 | 2 | 0 | |a internet |
| 610 | 2 | 0 | |a využitie počítačov |
| 610 | 2 | 0 | |a obchod elektronický |
| 610 | 2 | 0 | |a Slovensko |
| 610 | 2 | 0 | |a prieskum |
| 100 | 1 | |a Dunárová, Patrícia | |